| 000 | 01086nam a2200229Ia 4500 | ||
|---|---|---|---|
| 005 | 20251215152031.0 | ||
| 008 | 250219s9999||||xx |||||||||||||| ||und|| | ||
| 100 | _aعبد الله نجايمي، نور الدين | ||
| 245 | 0 | _aفاعلية البرامج التربوية الرياضية على خفض السلوك العدواني و تنمية المهارات النفسية لدى تلاميذ الطور الثانوي | |
| 260 |
_aالجزائر _c2016 |
||
| 300 |
_a188 و. _c30 سم. |
||
| 502 | _aدكتوراه | ||
| 502 | _cمعهد التربية البدنية و الرياضية، جامعة الجزائر 3 | ||
| 653 | _aالبرامج التربوية | ||
| 653 | _aالسلوك العدواني | ||
| 653 | _aالنشاط البدني الرياضي التربوي | ||
| 653 | _aفاعلية البرامج | ||
| 700 | _aأوباجي, رشيد | ||
| 710 | _aمعهد التربية البدنية و الرياضية، جامعة الجزائر 3 | ||
| 856 | _uhttps://dspace.univ-alger3.dz/jspui/handle/123456789/9405 | ||
| 942 | _cأطروحات | ||
| 999 |
_c14484 _d14484 |
||